Normal view
MARC view
Entry Personal Name
001 - CONTROL NUMBER
- control field: 79811
003 - CONTROL NUMBER IDENTIFIER
- control field: dpl
005 - DATE AND TIME OF LATEST TRANSACTION
- control field: 20250321141522.0
008 - FIXED-LENGTH DATA ELEMENTS
- fixed length control field: 250321|| aca||aabn | a|a d
040 ## - CATALOGING SOURCE
- Original cataloging agency: dpl
- Transcribing agency: dpl
100 ## - HEADING--PERSONAL NAME
- Personal name: Sasikala, Glory
670 ## - SOURCE DATA FOUND
- Source citation: Work cat.: (dpl)210416: Sasikala, Glory, Me Too, 2020
